CTR year book : (Record no. 104252)

MARC details
000 -LEADER
fixed length control field 00631nam a22001937a 4500
005 - DATE AND TIME OF LATEST TRANSACTION
control field 20161206101255.0
010 ## - LCCN (DPL NO)
LC control number ENG-116304
020 ## - INTERNATIONAL STANDARD BOOK NUMBER
Terms of availability 1530.00
035 ## - SYSTEM CONTROL NUMBER
System control number EN-99836
037 ## - SOURCE OF ACQUISITION
Source of stock number/acquisition DBAD/PUB
082 ## - DEWEY DECIMAL CLASSIFICATION NUMBER
Classification number 347.54077
100 ## - MAIN ENTRY--PERSONAL NAME
Personal name Bissa,Raman
245 ## - TITLE STATEMENT
Title CTR year book :
Statement of responsibility, etc by Raman Bissa [and] Rajesh Kapoor
Remainder of title by complete digest of judgments reported during the year 2015 in CTR, ITR & Taxman /
260 ## - PUBLICATION, DISTRIBUTION, ETC. (IMPRINT)
Place of publication, distribution, etc Jodhpur
Name of publisher, distributor, etc Current Tax Reporter
Date of publication, distribution, etc 2016
270 ## - ADDRESS
Address 34- Heavy Industrial Area
City Jodhpur
Postal code 342003
300 ## - PHYSICAL DESCRIPTION
Extent 1264p
Dimensions 24cm(Hb)
700 ## - ADDED ENTRY--PERSONAL NAME
Personal name Kapoor,Rajesh
942 ## - ADDED ENTRY ELEMENTS (KOHA)
Source of classification or shelving scheme Dewey Decimal Classification
Item type English Books
Call number suffix BIS
Classification part 347.54077
Holdings
Withdrawn status Lost status Not for loan Collection code Home library Current library Date acquired Source of acquisition Cost, normal purchase price Full call number Barcode Copy number Cost, replacement price Koha item type
    Not For Loan Non-fiction D.B.Act.Division Bawana 25/10/2016 DBAD/PUB 1530.00 347.54077 BIS EN-99836 1 1530.00 English Books

© Delhi Public Library
Hit Counter
free hit counter